Normal view
MARC view
Entry Topical Term
001 - CONTROL NUMBER
- control field: 31576
003 - CONTROL NUMBER IDENTIFIER
- control field: OSt
005 - DATE AND TIME OF LATEST TRANSACTION
- control field: 20160112174629.0
008 - FIXED-LENGTH DATA ELEMENTS
- fixed length control field: 160112|| aca||aabn | a|a d
040 ## - CATALOGING SOURCE
- Original cataloging agency: OSt
- Transcribing agency: OSt
150 ## - HEADING--TOPICAL TERM
- Topical term or geographic name entry element: बैंक
670 ## - SOURCE DATA FOUND
- Source citation: Work cat.: (OSt): टी एस जैन 31555, बैंक प्रोबेशनरी ऑफीसर्स मैनेजमेंट ट्रेनीज सम्मिलित लिखित परीक्षा









